| 000 | 00789cab a2200241 4500 | ||
|---|---|---|---|
| 001 | ABS55172 | ||
| 008 | 090401t1996 xxu||||| |||| 00| 0 eng d | ||
| 035 | _a(Sirsi) u14639 | ||
| 041 | _aeng | ||
| 100 | _aHemmings, N.A. | ||
| 245 | 4 | _aThe environment and land value | |
| 260 | _c1996 | ||
| 350 | _a0 | ||
| 490 |
_aValuer and Land Economist _v34(2) May 1996, 189-192(4) |
||
| 520 | _aIdentifies the environmental factors which may affect land value. Advises valuers on the nature and extent of enquiries which should be made. (Australian perspective) | ||
| 650 | _aENVIRONMENTAL FACTORS | ||
| 650 | _aLAND VALUE | ||
| 690 | _aENVIRONMENTAL AND LAND CONSULTANCY | ||
| 690 | _aOVERSEAS-REST OF THE WORLD | ||
| 690 | _aRATING AND VALUATION | ||
| 942 | _n0 | ||
| 948 | _c04/03/1997 | ||
| 999 |
_c9554 _d9554 |
||